02904nab a2200313uuc4500001000800000005001700008008004100025035001200066035002100078040001300099041000800112100004900120245019200169260001000361520160300371650003801974650003702012650002102049650002502070700005102095700004502146700005302191700005102244700004302295773015702338856006602495942001002561999001902571119847320240202094516.0100428s2009 spa  a1198473 a(OCoLC)820539670 ccomduadb aspa10aEspinal Botero, Gabriel E.4auteaut937240710aEstudio retrospectivo de anomalías dentales y alteraciones óseas de maxilares en niños 5 a 14 años de las clínicas de la Facultad de Odontología de la Universidad de Antioquia c2009.3 aIntroducción: el propósito de esta investigación es efectuar un estudio retrospectivo epidemiológico sobre el tipo y frecuencia de alteraciones a nivel óseo y dental, en pacientes de cinco a catorce años que consultaron la Clínica del Niño y el Adolescente de la Facultad de Odontología de la Universidad de Antioquia entre los años 2000 y 2002. Métodos: se analizaron 428 radiografías panorámicas análogas con adecuada nitidez, densidad, contraste y definición, usando las historias clínicas como soporte. Las placas fueron leídas por un radiólogo dental definiendo el tipo de alteraciones óseas y anomalías dentales presentes. Se efectúo un análisis estadístico de tipo descriptivo. Resultados: la muestra fue de 232 hombres (54,20%) y 196 mujeres (45,79%). En maxilares se encontraron 33 radiografías de pacientes con imágenes radiolúcidas patológicas (7,68%): 21 de sexo femenino (4,89%) y 12 de sexo masculino (2,79%), y solo un caso (0.23%) con imágenes radiopacas patológicas. En los dientes se presentaron 272 radiografías (63,40%) con presencia de anomalías dentales: 149 pertenecían a hombres (34,73%) y 123 a mujeres (28,67%), que incluyeron 1.120 dientes. Las anomalías encontradas fueron: dens in dente, agenesias, taurodontismo, macrodoncias, dientes en forma cónica, supernumerarios, microdoncias, transposiciones, fusiones, mesiodens, dientes retenidos, geminaciones, espolones de esmalte y perlas de esmalte, en ese orden de frecuencia. Conclusiones: la población afectada por alguna alteración fue del 71,32% aRadiografía panorámica923244 aEnfermedades congénitas983743 aAnodoncia923248 aQuistes oseos99167910aManco Guzman, Hugo Alexander4auteaut960431810aAguilar Mendez, German4auteaut936239410aCastrillon Pino, Liliana Maria4auteaut931133510aRendon Giraldo, Juan Esteban4auteaut961414210aMarin Botero, Martha4auteaut92817790 tRevista Facultad de Odontología. Universidad de Antioquia (Medellín)gVolumen 21, Número 01, Julio-Diciembre 2009, 50-64w385976z0121246X01099144 uhttp://bibliotecadigital.udea.edu.co/dspace/handle/10495/4978 cARIMP c545058d545058